000 01035nam a2200289 i 4500
001 34124
003 BD-RjUL
005 20211209052117.0
008 140514r19751941nyu b 001 0 eng
020 _a0846217511 :
035 _a(BD-RjUL)34218
040 _aDLC
_cDLC
_dDLC
_dBD-RjUL
_beng
041 _aeng
082 0 0 _a309.173
_bANI 1975
100 1 _aAngell, Robert Cooley,
_d1899-
_9103735
245 1 4 _aThe integration of American society :
_ba study of groups and institutions /
_cby Robert Cooley Angell.
260 _aNew York :
_bRussell & Russell,
_c1975.
300 _aix, 228 p. ;
_c23 cm.
500 _aReprint of the 1941 ed. published by McGraw-Hill, New York, in series: McGraw-Hill publications in sociology.
504 _aIncludes bibliographical references and index.
650 0 _aSocial institutions
_zUnited States.
_9103736
650 0 _aSocial groups.
_9103737
651 0 _aUnited States
_xSocial conditions
_y1918-1932.
_983221
942 _2ddc
_cBK
999 _c34124
_d34124